000 00632 a2200193 4500
001 133465
020 _a85-16-02260-9
040 _cLeonardo Da Vinci
041 _aPortuguês
082 _a573.2 R616t
_bR616t
100 _aRODRIGUES, Rosicler Martins
245 _aA transformação da vida
260 _bModerna
_c1995
_aSão Paulo
300 _a72
362 _a19950000
490 _aDesafios
697 _aBiologia
_aCiências
_aEvolução humana
_aSeres vivos
_aGênesis
_aCriação
_aUniverso
_aTeoria da evolução
_aCharles Darwin
_aEspécie
_aAustralopithecus
_aHomo habilis
_aHomo erectus
_aHomo sapiens
_aHomem
942 _cBK
999 _c133465
_d133465